Sebariadenie a manažérska etika v školskom prostredí
Guardado en:
| Autor principal: | |
|---|---|
| Otros Autores: | |
| Formato: | Libro |
| Lenguaje: | eslovaco |
| Publicado: |
Bratislava
Wolters Kluwer SR
2021
|
| Edición: | 1. vydanie |
| Materias: | |
| Etiquetas: |
Sin Etiquetas, Sea el primero en etiquetar este registro!
|
MARC
| LEADER | 00000nam a2200000 4500 | ||
|---|---|---|---|
| 001 | 0281998 | ||
| 005 | 20240321130650.2 | ||
| 020 | |a 978-80-571-0440-7 | ||
| 041 | 0 | |a slo | |
| 044 | |a SK | ||
| 245 | 1 | 0 | |a Sebariadenie a manažérska etika v školskom prostredí |c Dušana Bieleszová, Soňa Koreňová |
| 250 | |a 1. vydanie | ||
| 264 | 1 | |a Bratislava |b Wolters Kluwer SR |c 2021 | |
| 300 | |a 187 s. | ||
| 610 | 2 | 0 | |a vzdelávanie |
| 610 | 2 | 0 | |a školstvo |
| 610 | 2 | 0 | |a sebariadenie |
| 610 | 2 | 0 | |a etika manažérska |
| 610 | 2 | 0 | |a organizácia práce |
| 610 | 2 | 0 | |a inteligencia emocionálna |
| 610 | 2 | 0 | |a sebakontrola |
| 610 | 2 | 0 | |a inteligencia sociálna |
| 100 | 1 | |a Bieleszová, Dušana | |
| 700 | 1 | |a Koreňová, Soňa | |